000 00653nam a22001937a 4500
003 OSt
005 20260423030803.0
008 251103b |||||||| |||| 00| 0 eng d
020 _a0-07-288524-6.
040 _aDWCL-Main lib
_cOC
082 _23rd ed.
_aCirc. 301 M113p 2006
100 _aMcintyre, Lisa J.
245 _aThe practical skeptic :
_bcore concepts in sociology 3rd ed.
_cMcintyre, Lisa J.
260 _aBoston :
_bMcGraw-Hill Higher Education,
_cc2006.
300 _axv, 269 pages :
_billustration :
_c23 cm.
504 _aIncludes bibliographical references and index.
650 _21. Sociology.
942 _2ddc
_cBK-CIRC
_e3rd ed.
_kCirc.
_n0
999 _c5389
_d5389